000 00283nam a22001337a 4500
008 180924b xxu||||| |||| 00| 0 eng d
020 _a9780764586156
041 _aeng
080 _a316
100 _a50
101 _aSOC
245 _aSociology
_cZgourides, G.D
942 _2udc
_cBK
999 _c48395
_d48395